000 00739nam a2200265 a 4500
003 AR-BaBNM
005 20251128203313.0
008 082120s2002 ||||||||||||||000 | spa||
020 _a950-582-124-7
040 _cAR-BaBNM
100 1 _aAlayón, Norberto
245 0 0 _aPerspectivas del trabajo social
260 _aBuenos Aires
_bHumanitas
_c1985
300 _a87 p.
_bgráfs.
490 0 _aCuadernos de servicio social
_vv. 42
500 _aContiene apéndice bibliográfico y anexo
650 4 _aTRABAJO SOCIAL
650 4 _aBIENESTAR SOCIAL
650 4 _aTRABAJADORES SOCIALES
650 4 _aASISTENCIA SOCIAL
651 4 _aArgentina
800 1 _aVillaverde, Sela B.S. de
_esupervisión
942 _cBK
998 _cRaquel
999 _c2796
_d2796